Countries that Start with I - Map Quiz - Statistics

General Stats
  • This quiz has been taken 101 times
  • The average score is 9 of 9
Answers on the Map
Answers color-coded by a green-red scale on the quiz's map according to % correct below.
 
Answer Stats
Country % Correct
India
100%
Indonesia
100%
Iran
100%
Ireland
100%
Italy
100%
Iraq
99%
Iceland
98%
Israel
92%
Ivory Coast
85%
No matching quizzes found
Score Distribution
Percent of People with Each Score
Percentile by Number Answered
Your Score History
You have not taken this quiz